| 000 | 00885nam a22002897a 4500 | ||
|---|---|---|---|
| 001 | 2960 | ||
| 003 | FISKH | ||
| 005 | 20250825134707.0 | ||
| 008 | 240125b cb ||||| |||| 00| 0 eng d | ||
| 020 | _a9780545072298 | ||
| 040 |
_aFISKH _beng _cFISKH _dFISKH |
||
| 050 | _aLB1573.7 | ||
| 082 | _a551.552 | ||
| 100 | _aWaters, Kate | ||
| 245 |
_aHurricanes and tornadoes _cby Waters, Kate |
||
| 250 | _aFirst printing , September 2008 | ||
| 260 |
_aNew York : _bScholastic , _c2008 |
||
| 300 |
_a32 unnumbered pages : _bcolor illustrations ; _c24 cm . |
||
| 505 | _aN | ||
| 520 | _aDifferent types of hurricanes and tornadoes, their histories, and effects on humans. | ||
| 521 | 8 |
_a590
_bLexile |
|
| 521 | 8 |
_aN
_bRaz-Plus |
|
| 600 |
_2hurricanes _vnon-fiction |
||
| 610 |
_2tornadoes _vnon-fiction |
||
| 700 |
_aPeronio, Kay _eDesigner |
||
| 942 |
_2ddc _cBK _n0 |
||
| 999 |
_c2960 _d2960 |
||